000 00351nam a2200121Ia 4500
005 20251222152706.0
008 251222s9999||||xx |||||||||||||| ||spa||
082 _a800/C81
100 _aEdición del Consejo Nacional de Desarrollo Comunal
245 0 _aObras de Peruanos
264 _bEdición del consejo Nacional de Desarrollo Comunal
942 _cLIB
999 _c29031
_d29031